000 01440cab a22003135a 4500
001 L159219
008 160038e2016 xxk 000 0 eng d
035 _a(Sirsi) u159219
041 0 _aeng
100 1 _aTaggart, Nic
245 0 0 _aDarkness on the edge of town? Or is the calculation of consequential losses in dilapidation claims harder than it looks? (Part 2)
260 _c2016
490 _aJournal of Building Survey, Appraisal & Valuation
_v4(3) Spring 2016, 218-233(14)
520 _aSecond in a series of two articles looking at the calculation of consquential losses for breach of tenant's covenants in dilapidations claims. Addresses a number of issues which arise in dilapidations case law including loss of rent, the inability to recover service charges, insurance and rates, liability for professional fees, and preliminaries, the incidence of VAT, recovering the cost of preparing schedules, recovering the costs of re-certification and liability to pay interest. (For Part 1 see L159154).
590 _aKA
650 2 4 _aDilapidations
_96235
650 2 4 _aCONSEQUENTIAL LOSS
650 2 4 _aCAUSATION
650 2 4 _aDAMAGE
650 _aCOSTS
650 2 4 _aJOYNER V WEEKS
650 2 4 _aRUXLEY ELECTRONICS & CONSTRUCTION V FORSYTH
650 2 4 _aSERVICE CHARGES
650 2 4 _aINSURANCE
_96249
650 2 4 _aPROFESSIONAL FEES
651 4 _aUnited Kingdom
_y
690 _aDilapidations
_96235
942 _n0
999 _c84836
_d84836